| 000 | 00549nas a2200217 4500 | ||
|---|---|---|---|
| 001 | BR9509477 | ||
| 003 | BR-BrBNA | ||
| 005 | 20231205094538.0 | ||
| 007 | ta | ||
| 008 | 230509b bl.|||p| |||| 00| 00por d | ||
| 040 |
_aBR-BrBNA _bpor _cBiblioteca Nacional de Agricultura |
||
| 041 | _a(Pt) | ||
| 072 | _aF01 | ||
| 100 | 1 | _aGalvao, G. | |
| 245 | 1 | _aPalmito | |
| 650 | _aPalmito | ||
| 650 | _aPupunha | ||
| 773 | 0 |
_tNatureza (Brazil) _x _g(1989), v. 8(5) p. 30-34 _wBR9509477 |
|
| 909 |
_a202311 _bLúcia _c55 _dLúcia Elande |
||
| 942 |
_2AGRIS _n0 _cANA |
||
| 999 |
_c145131 _d145131 |
||